El muchacho y otros relatos de infancia cruel /
Zapisane w:
| 1. autor: | |
|---|---|
| Kolejni autorzy: | |
| Format: | Książka |
| Język: | hiszpański |
| Wydane: |
Gijón, España :
Satori,
2022, c2022
|
| Seria: | (Maestros de la Literatura Japonesa ;
47) |
| Hasła przedmiotowe: | |
| Etykiety: |
Nie ma etykietki, Dołącz pierwszą etykiete!
|
MARC
| LEADER | 00000nam^a2200000^a^4500 | ||
|---|---|---|---|
| 001 | 000627457 | ||
| 005 | 20260203000000.0 | ||
| 009 | 20260310134054.611 | ||
| 020 | |a 978-84-19035-29-5 | ||
| 037 | |a Acervo ITESO - Biblioteca | ||
| 041 | |a ESP | ||
| 082 | |a 895. 6 |b SAT MAE V. 47 | ||
| 100 | |a Tanizaki, Junichirō |e (autor) | ||
| 245 | 1 | 3 | |a El muchacho y otros relatos de infancia cruel / |c J. Tanizaki ; tr., pról. y notas de D. Aguilar. |
| 264 | 4 | |a Gijón, España : |b Satori, |c 2022, c2022 | |
| 300 | |a 171 p. + |e 2 separadores | ||
| 336 | |a texto |b txt |2 rdacontenido | ||
| 337 | |a sin mediación |b n |2 rdamedio | ||
| 338 | |a volumen |b nc |2 rdasoporte | ||
| 440 | 1 | |a (Maestros de la Literatura Japonesa ; |v 47) | |
| 500 | |a Traducción de: Shōnen (少年), Chiisana Okoku (小さな王国), Haha o kouru ki (母を恋ふる記) | ||
| 521 | |a FIL 2025 DIA | ||
| 545 | 0 | |a Junichiro Tanizaki (1886-1965), escritor japonés y reconocido representante de la novela japonesa moderna. Su escritura se caracteriza por una búsqueda del mundo de los sentidos, los cuales refleja a través del erotismo, a veces acompañado de ciertas perversiones, la belleza y de ciertos elementos tradicionales del Japón o el del pensamiento oriental. Entre sus obras se encuentran Hay quien prefiere las ortigas, Las hermanas Makioka, La llave, La madre del capitán Shigemoto, Retrato de Shunkin, El elogio de la sombra, entre otros. Además tradujo a lengua moderna Genji Monogatari, obra de Murasaki Shikibu que algunas fuentes citan como la primera novela de la historia. | |
| 649 | |a XX | ||
| 650 | |a Niños en la Literatura | ||
| 650 | |a Niños - |x Condiciones Psicológicas | ||
| 650 | |a Cuentos Japoneses | ||
| 650 | |a Psicología y Literatura | ||
| 650 | |a Literatura Autobiográfica - |z Japón | ||
| 650 | |a Literatura Japonesa - |y Siglo XX | ||
| 650 | |a Acoso en la Literatura | ||
| 650 | |a Maltrato Infantil en la Literatura | ||
| 650 | |a Crueldad en la Literatura | ||
| 650 | |a Tanizaki, Junichirō | ||
| 700 | |a Aguilar, Daniel |e (traducción, prólogo y notas) | ||
| 740 | 3 | |a El pequeño reino / |c J. Tanizaki ; tr., pról. y notas de D. Aguilar. | |
| 740 | 0 | |a Añoranza por la madre / |c J. Tanizaki ; tr., pról. y notas de D. Aguilar. | |
| 910 | |a Fondo General | ||
| 920 | |a Impresos - Libros | ||
| 930 | |a Colección General | ||
| 940 | |a Literatura | ||
| 905 | |a 101 | ||
| 901 | |a 627457-10 |b IT1 |c LIT |i C192012 |u 20260203 | ||
| 901 | |a 627457-20 |b IT2 |c FOL |i C192014 |u 20260203 | ||
| 901 | |a 627457-30 |b IT2 |c FOL |i C192013 |u 20260203 | ||
| 902 | |a https://opac.biblio.iteso.mx/vufind/Record/000627457 | ||